<?xml version="1.0" encoding="UTF-8"?>
<record
    xmlns:xsi="http://www.w3.org/2001/XMLSchema-instance"
    xsi:schemaLocation="http://www.loc.gov/MARC21/slim http://www.loc.gov/standards/marcxml/schema/MARC21slim.xsd"
    xmlns="http://www.loc.gov/MARC21/slim">

  <leader>00796nam0a22002411  4500</leader>
  <controlfield tag="001">rc\90662</controlfield>
  <controlfield tag="005">20250620175457.0</controlfield>
  <datafield tag="010" ind1=" " ind2=" ">
    <subfield code="a">5-7916-0012-7</subfield>
    <subfield code="b">&#x410;&#x43D;&#x430;&#x43B;&#x438;&#x442;&#x438;&#x43A;&#x430;-&#x43F;&#x440;&#x435;&#x441;&#x441;</subfield>
    <subfield code="9">6000</subfield>
  </datafield>
  <datafield tag="035" ind1=" " ind2=" ">
    <subfield code="a">(NLR Aleph) 005357075</subfield>
  </datafield>
  <datafield tag="090" ind1=" " ind2=" ">
    <subfield code="a">6858425</subfield>
    <subfield code="c">6858425</subfield>
  </datafield>
  <datafield tag="100" ind1=" " ind2=" ">
    <subfield code="a">20021216d1997    |||y0rusy50      ca</subfield>
  </datafield>
  <datafield tag="101" ind1="0" ind2=" ">
    <subfield code="a">rus</subfield>
  </datafield>
  <datafield tag="102" ind1=" " ind2=" ">
    <subfield code="a">RU</subfield>
  </datafield>
  <datafield tag="105" ind1=" " ind2=" ">
    <subfield code="a">y   |||||||||</subfield>
  </datafield>
  <datafield tag="200" ind1="1" ind2=" ">
    <subfield code="a">&#x420;&#x430;&#x441;&#x447;&#x435;&#x442; &#x43D;&#x430;&#x43B;&#x43E;&#x433;&#x430; &#x43D;&#x430; &#x43F;&#x440;&#x438;&#x431;&#x44B;&#x43B;&#x44C;</subfield>
    <subfield code="f">[&#x413;&#x43E;&#x43B;&#x43E;&#x432;&#x43A;&#x438;&#x43D; &#x410;.&#x41D;., &#x41B;&#x435;&#x43C;&#x435;&#x448; &#x418;.&#x412;.]</subfield>
  </datafield>
  <datafield tag="210" ind1=" " ind2=" ">
    <subfield code="a">&#x41C;.</subfield>
    <subfield code="c">&#x410;&#x43D;&#x430;&#x43B;&#x438;&#x442;&#x438;&#x43A;&#x430;-&#x43F;&#x440;&#x435;&#x441;&#x441;</subfield>
    <subfield code="a">&#x415;&#x43A;&#x430;&#x442;&#x435;&#x440;&#x438;&#x43D;&#x431;&#x443;&#x440;&#x433;</subfield>
    <subfield code="c">&#x426;&#x435;&#x43D;&#x442;&#x440; "&#x41D;&#x430;&#x43B;&#x43E;&#x433;&#x438; &#x438; &#x444;&#x438;&#x43D;&#x430;&#x43D;&#x441;&#x43E;&#x432;&#x43E;&#x435; &#x43F;&#x440;&#x430;&#x432;&#x43E;"</subfield>
    <subfield code="d">1997</subfield>
  </datafield>
  <datafield tag="215" ind1=" " ind2=" ">
    <subfield code="a">27 &#x441;.</subfield>
    <subfield code="d">20</subfield>
  </datafield>
  <datafield tag="701" ind1=" " ind2="1">
    <subfield code="a">&#x413;&#x43E;&#x43B;&#x43E;&#x432;&#x43A;&#x438;&#x43D;</subfield>
    <subfield code="b">&#x410;.&#x41D;.</subfield>
  </datafield>
  <datafield tag="801" ind1=" " ind2="0">
    <subfield code="a">RU</subfield>
    <subfield code="b">NLR</subfield>
    <subfield code="g">psbo</subfield>
  </datafield>
  <datafield tag="801" ind1=" " ind2="1">
    <subfield code="a">RU</subfield>
    <subfield code="b">ELAR</subfield>
    <subfield code="2">rusmarc</subfield>
  </datafield>
  <datafield tag="852" ind1=" " ind2=" ">
    <subfield code="a">NLR</subfield>
    <subfield code="j">97-4/14702</subfield>
  </datafield>
  <datafield tag="942" ind1=" " ind2=" ">
    <subfield code="c">BOOK</subfield>
  </datafield>
  <datafield tag="980" ind1=" " ind2=" ">
    <subfield code="a">NB</subfield>
  </datafield>
  <datafield tag="995" ind1=" " ind2=" ">
    <subfield code="5">2013-10-26</subfield>
    <subfield code="b">NLR01</subfield>
    <subfield code="c">NLR01</subfield>
    <subfield code="e">RF8</subfield>
    <subfield code="f">5357075-10</subfield>
    <subfield code="k">97-4/14702</subfield>
    <subfield code="o">0</subfield>
    <subfield code="r">BOOK</subfield>
    <subfield code="s">97414702_</subfield>
  </datafield>
</record>
